000 00827na a2200241 4500
001 17417
003 MIRAKIL
005 20181213155032.0
008 161024b tu 000 0
035 _a17417
040 _aMilas
_btur
_cTR-AnCHP
041 _atur
082 _a636.089
_bT96ü 2010
090 _a636.089 T96ü 2010
111 _aTürk Veteriner Hekimliği Kurultayı
_cAnkara
_d2010
_n3.
245 _aIII. Türk veteriner hekimliği kurultayı 23-24 Nisan 2010 Ankara
_bKomisyon raporları kitabı
_cTürk Veteriner Hekimleri Birliği
260 _aAnkara
_bTürk Veteriner Hekimleri Birliği
_c2010
300 _a353 s.
_c30 sm.
650 _aVeteriner hekimliği
_xTürkler
_yToplantılar
650 _aVeteriner hekimliği
_xToplantılar
710 _aTürk Veteriner Hekimleri Birliği
942 _2ddc
_cBKS
999 _c5289
_d5289